Sąsiedzi Chin - Statystyki

Ogólne statystyki
  • Ten quiz został rozwiązany 48 razy
  • Średni wynik to 15 z 19
Statystyki odpowiedzi
Hint Odpowiedź % Poprawnych
*za łatwe na podpowiedź* Mongolia
100%
Półwysep Koreański Korea Płn.
98%
*za łatwe na podpowiedź* Rosja
95%
Południowa Azja Indie
93%
Półwysep Indochiński Wietnam
93%
Zachodnia Azja Kazachstan
88%
Półwysep Indochiński Laos
85%
Południowa Azja Nepal
85%
Południowa Azja Pakistan
85%
Zachodnia Azja Tadżykistan
83%
Południowa Azja Mjanma
80%
Południowa Azja Bhutan
78%
Terytorium Zamorskie Japonia
78%
Zachodnia Azja Kirgistan
78%
Półwysep Koreański(Terytorum Zamorskie) Korea Płd.
76%
Terytorium Zamorskie Tajwan
76%
Bonus! - Terytorium autonomiczne na terenie Chin Hong Kong
59%
Terytorium Zamorskie Filipiny
49%
Bonus! - Terytorium autonomiczne
na terenie Chin
Makau
32%
Nie znaleziono quizów pasujących do podanych kryteriów
Rozkład punktacji
Procent ludzi z każdym wynikiem
Percentyl według liczby udzielonych odpowiedzi
Twoja historia wyników
Nie rozwiązałeś tego quizu